The competitive advantage of nations, with a new introduction

Bibliographic Details
Main Author: PORTER
Format: Book
Published: New York, USA : The Free Press , 1998
Subjects:

MARC

LEADER 00000cam a2200000 7i4500
001 0000000334
005 20000802.0
020 0 0 |a 0684841479 
090 0 0 |a 338.9   |b POR 1998 
100 1 0 |a PORTER   |h Michael E. 
245 1 4 |a The competitive advantage of nations, with a new introduction   |c Michael E. Porter 
260 0 0 |a New York, USA :   |b The Free Press ,   |c 1998 
300 |a xxxii, 855 p. :   |b ill. ;   |c 24 cm. 
500 0 0 |a Bibliography: [p. 815-831] and index 
650 0 0 |a Competition, International 
650 0 0 |a Economic development 
650 0 0 |a Industrial management 
650 0 0 |a Industrial policy 
650 0 0 |a International business enterprises 
650 0 0 |a Strategic planning 
999 |a 0000001512   |b Monograph   |c Open Shelf   |e Default branch